Ciele, úlohy a funkcie personálneho marketingu
Enregistré dans:
| Auteur principal: | |
|---|---|
| Autres auteurs: | |
| Format: | Chapitre de livre |
| Langue: | slovaque |
| Tags: |
Pas de tags, Soyez le premier à ajouter un tag!
|
MARC
| LEADER | 00000nla a2200000 4500 | ||
|---|---|---|---|
| 001 | 0238457 | ||
| 005 | 20240502073846.8 | ||
| 041 | 0 | |a slo | |
| 044 | |a SK | ||
| 245 | 1 | 0 | |a Ciele, úlohy a funkcie personálneho marketingu |c Jana Naščáková, Lenka Danková |
| 500 | |a Abstrakt | ||
| 100 | 1 | |a Naščáková, Jana | |
| 700 | 1 | |a Danková, Lenka, 1993- | |